Normal view
MARC view
- Rajaraman, V .
Entry Personal Name
001 - CONTROL NUMBER
- control field: 1362
003 - CONTROL NUMBER IDENTIFIER
- control field: OSt
005 - DATE AND TIME OF LATEST TRANSACTION
- control field: 20160830105301.0
008 - FIXED-LENGTH DATA ELEMENTS
- fixed length control field: 160830|| aca||aabn | a|a d
040 ## - CATALOGING SOURCE
- Original cataloging agency: OSt
- Transcribing agency: OSt
100 ## - HEADING--PERSONAL NAME
- Personal name: Rajaraman, V .
670 ## - SOURCE DATA FOUND
- Source citation: Work cat.: (OSt)12225: Rajaraman, V ., Fundamentals of Computers / , 1998.
